=LDR 00000nam 2200000 4500 =001 INLIS000000000017792 =005 20130612113015 =008 ***********************************Ind** =035 ##$$0010-061300000017792 =041 ##$$a Ind =082 ##$$a 2x2 =090 ##$$a 2x2, Uta m =100 ##$$a Al-Utaibiy, Abdul Aziz Sa'ad =245 ##$$a Mutiara pilihan riyadhush shalihin, Abdul Aziz Sa'ad Al-Utaibiy ; penerjemah, Abu Ihsan =260 ##$$a [19...?] $b Solo =300 ##$$a 360 hlm, 24 cm =650 ##$$a Hadis =850 ##$$a NBPNMAT